<?xml version='1.0' encoding='UTF-8'?>
  <record xmlns="http://www.loc.gov/MARC21/slim">
    <leader>00000ctm a22000007a 4500</leader>
    <controlfield tag="001">ocn965408903</controlfield>
    <controlfield tag="003">OCoLC</controlfield>
    <controlfield tag="005">20250630040838.9</controlfield>
    <controlfield tag="008">150421q11001200xx            000 0 lat d</controlfield>
    <datafield tag="040" ind1=" " ind2=" ">
      <subfield code="a">QGJ</subfield>
      <subfield code="b">dut</subfield>
      <subfield code="c">QGJ</subfield>
      <subfield code="d">OCLCL</subfield>
      <subfield code="d">OCLCQ</subfield>
    </datafield>
    <datafield tag="035" ind1=" " ind2=" ">
      <subfield code="a">(OCoLC)965408903</subfield>
    </datafield>
    <datafield tag="100" ind1="0" ind2=" ">
      <subfield code="a">Sedulius Coelius.</subfield>
    </datafield>
    <datafield tag="245" ind1="1" ind2="0">
      <subfield code="a">Carmen paschale /</subfield>
      <subfield code="c">Sedulius Coelius.</subfield>
      <subfield code="f">UBU Hs.1661 (Hs 1 K 10).</subfield>
    </datafield>
    <datafield tag="260" ind1=" " ind2=" ">
      <subfield code="a">[S.l.],</subfield>
      <subfield code="c">[1100-1200]</subfield>
    </datafield>
    <datafield tag="300" ind1=" " ind2=" ">
      <subfield code="a">26 fols.. ;</subfield>
      <subfield code="c">174 x 115 mm.</subfield>
    </datafield>
    <datafield tag="336" ind1=" " ind2=" ">
      <subfield code="a">text</subfield>
      <subfield code="b">txt</subfield>
      <subfield code="2">rdacontent</subfield>
    </datafield>
    <datafield tag="337" ind1=" " ind2=" ">
      <subfield code="a">unmediated</subfield>
      <subfield code="b">n</subfield>
      <subfield code="2">rdamedia</subfield>
    </datafield>
    <datafield tag="338" ind1=" " ind2=" ">
      <subfield code="a">volume</subfield>
      <subfield code="b">nc</subfield>
      <subfield code="2">rdacarrier</subfield>
    </datafield>
    <datafield tag="340" ind1=" " ind2=" ">
      <subfield code="a">parchment.</subfield>
    </datafield>
    <datafield tag="500" ind1=" " ind2=" ">
      <subfield code="a">Preliminary title.</subfield>
    </datafield>
    <datafield tag="500" ind1=" " ind2=" ">
      <subfield code="a">Contains also: Epigramma in Sedulium / Asterius; Hymnus I / Sedulius Coelius.</subfield>
    </datafield>
    <datafield tag="500" ind1=" " ind2=" ">
      <subfield code="a">Roman consul Turcius Rufius Apronianus Asterius (late 5th, early 6th century) is said to have been the first editor of Sedulius' works. His name can be found in many manuscripts with works by Sedulius.</subfield>
    </datafield>
    <datafield tag="524" ind1=" " ind2=" ">
      <subfield code="a">Cite as: Universiteitsbibliotheek Utrecht Hs.1661 (Hs 1 K 10).</subfield>
    </datafield>
    <datafield tag="581" ind1=" " ind2=" ">
      <subfield code="a">[A. Hulshof], Catalogus codicum manu scriptorum Bibliothecae Universitatis Rheno-Traiectinae. II. Traiecti ad Rhenum 1909. P. 110.</subfield>
    </datafield>
    <datafield tag="581" ind1=" " ind2=" ">
      <subfield code="a">C.P.E. Springer, The manuscripts of Sedulius. A provisional handlist. Philadelphia 1995. (= Transactions of the American Philosophical Society, N.S. 85, pt. 5). p. 103.</subfield>
    </datafield>
    <datafield tag="655" ind1=" " ind2="7">
      <subfield code="a">Handschriften (vorm)</subfield>
      <subfield code="0">088143309</subfield>
      <subfield code="2">gtt</subfield>
    </datafield>
    <datafield tag="700" ind1="1" ind2=" ">
      <subfield code="a">Asterius, Rufius Turcius Apronianus.</subfield>
      <subfield code="e">author.</subfield>
      <subfield code="4">aut</subfield>
    </datafield>
    <datafield tag="700" ind1="0" ind2=" ">
      <subfield code="a">Sedulius Coelius,</subfield>
      <subfield code="t">Hymni,</subfield>
      <subfield code="n">I.</subfield>
      <subfield code="e">author.</subfield>
      <subfield code="4">aut</subfield>
    </datafield>
    <datafield tag="700" ind1="1" ind2=" ">
      <subfield code="a">Grothe, Jacobus Anne.</subfield>
      <subfield code="e">former owner.</subfield>
      <subfield code="4">fmo</subfield>
      <subfield code="5">NL-UtRU</subfield>
    </datafield>
    <datafield tag="758" ind1=" " ind2=" ">
      <subfield code="a">UBU Hs.1661 (Hs 1 K 10) Carmen paschale (Text)</subfield>
      <subfield code="1">https://id.oclc.org/worldcat/entity/E39PD3qf9DTwQcfW7xRW9PVR83</subfield>
      <subfield code="4">https://id.oclc.org/worldcat/ontology/hasWork</subfield>
    </datafield>
    <datafield tag="856" ind1="4" ind2="1">
      <subfield code="u">http://objects.library.uu.nl/reader/resolver.php?obj=002657425&amp;type=2</subfield>
      <subfield code="x">Online</subfield>
      <subfield code="z">Full Text</subfield>
    </datafield>
    <datafield tag="936" ind1=" " ind2=" ">
      <subfield code="a">BATCHLOAD</subfield>
    </datafield>
  </record>